000 00614nam a2200193Ia 4500
005 20250923145522.0
008 008 250917s9999 xx 000 0 eng d
037 _aTextual
040 _aDSWL
_beng
_cDSWL
041 _aeng
_2eng
084 _aX.25N77<--N50, N79
_qDSWL
245 0 _aBasic statistics relating to the Indian economy 1950-51,1976-77
_c by Central Statistical Organisation, India
260 _aDelhi
_bController of Publications
_c1979
300 _avi,167 p.
365 _aINR
_b40
925 _g40
942 _cTEXL
_hX.25N77<--N50, N79
999 _c1452358
_d1452358